书目信息 |
| 题名: |
古历兴衰
|
|
| 作者: | 李亮 著 | |
| 分册: | ||
| 出版信息: | 郑州 中州古籍出版社 2016.11 |
|
| 页数: | 146页 | |
| 开本: | 23cm | |
| 丛书名: | 华夏文库 | |
| 单 册: | ||
| 中图分类: | P194.3 | |
| 科图分类: | ||
| 主题词: | 古历法--研究--中国 | |
| 电子资源: | ||
| ISBN: | 978-7-5348-6639-5 | |
| 000 | 00908oam2 2200265 450 | |
| 001 | 419 | |
| 005 | 20180922111302.12 | |
| 010 | @a978-7-5348-6639-5@dCNY26.00 | |
| 100 | @a20170427d2016 em y0chiy50 ea | |
| 101 | 0 | @achi |
| 102 | @aCN@b410000 | |
| 105 | @aa z 000yy | |
| 200 | 1 | @a古历兴衰@9gu li xing shuai@e授时历与大统历@f李亮著 |
| 210 | @a郑州@c中州古籍出版社@d2016.11 | |
| 215 | @a146页@c图@d23cm | |
| 225 | 1 | @a华夏文库@i科技史书系@f邹大海,韩毅主编 |
| 330 | @a本书包括历法高峰的来临、授时历及其成就、授时历的延续——大统历、大统历的使用和传承、传统历法的衰落、正史中的授时与大统、域外传播与影响等内容。 | |
| 461 | 0 | @12001 @a华夏文库 |
| 462 | 0 | @12001 @a科技史书系 |
| 517 | 1 | @a授时历与大统历@9shou shi li yu da tong li |
| 606 | 0 | @a古历法@x研究@y中国 |
| 690 | @aP194.3@v5 | |
| 701 | 0 | @a李亮@9li liang@f(1986~)@4著 |
| 801 | 0 | @aCN@b91MARC@c20170427 |
| 905 | @aMuseLib@dP194.3@e244 | |
| 古历兴衰:授时历与大统历/李亮著.-郑州:中州古籍出版社,2016.11 |
| 146页:图;23cm.-(华夏文库.科技史书系/邹大海,韩毅主编) |
| ISBN 978-7-5348-6639-5:CNY26.00 |
| 本书包括历法高峰的来临、授时历及其成就、授时历的延续——大统历、大统历的使用和传承、传统历法的衰落、正史中的授时与大统、域外传播与影响等内容。 |
| ● |
| 相关链接 |
|
|
|
|
正题名:古历兴衰
索取号:P194.3/244
 
预约/预借
| 序号 | 登录号 | 条形码 | 馆藏地/架位号 | 状态 | 备注 |
| 1 | 1119789 | 211197890 | 第二样本阅览室/ [索取号:P194.3/244] | 在馆 | |
| 2 | 1119790 | 211197907 | 第三借阅区/ [索取号:P194.3/244] | 在馆 | |
| 3 | 1119791 | 211197916 | 第三借阅区/ [索取号:P194.3/244] | 在馆 | |
| 4 | 1119792 | 211197925 | 第三借阅区/ [索取号:P194.3/244] | 在馆 | |
| 5 | 1119793 | 211197934 | 第三借阅区/ [索取号:P194.3/244] | 在馆 |